|
|
|
|
| LEADER |
03904nam a2200613 4500 |
| 001 |
978-3-319-66577-1 |
| 003 |
DE-He213 |
| 005 |
20191022171203.0 |
| 007 |
cr nn 008mamaa |
| 008 |
171107s2018 gw | s |||| 0|eng d |
| 020 |
|
|
|a 9783319665771
|9 978-3-319-66577-1
|
| 024 |
7 |
|
|a 10.1007/978-3-319-66577-1
|2 doi
|
| 040 |
|
|
|d GrThAP
|
| 050 |
|
4 |
|a GA1-1776
|
| 072 |
|
7 |
|a RGW
|2 bicssc
|
| 072 |
|
7 |
|a SCI030000
|2 bisacsh
|
| 072 |
|
7 |
|a RGW
|2 thema
|
| 082 |
0 |
4 |
|a 910.285
|2 23
|
| 245 |
1 |
0 |
|a Small Flying Drones
|h [electronic resource] :
|b Applications for Geographic Observation /
|c edited by Gianluca Casagrande, András Sik, Gergely Szabó.
|
| 250 |
|
|
|a 1st ed. 2018.
|
| 264 |
|
1 |
|a Cham :
|b Springer International Publishing :
|b Imprint: Springer,
|c 2018.
|
| 300 |
|
|
|a IX, 161 p. 95 illus., 90 illus. in color.
|b online resource.
|
| 336 |
|
|
|a text
|b txt
|2 rdacontent
|
| 337 |
|
|
|a computer
|b c
|2 rdamedia
|
| 338 |
|
|
|a online resource
|b cr
|2 rdacarrier
|
| 347 |
|
|
|a text file
|b PDF
|2 rda
|
| 505 |
0 |
|
|a Chapter1. Small Drones and Geographic Observation -- Chapter2. Concepts and Issues -- Chapter3. Opportunities -- Chapter4. Zooming on Aerial Survey -- Chapter5. Examples from the Boundaries of Geographical Survey: Architecture and Flood Modelling.
|
| 520 |
|
|
|a This book focuses on small flying drones and their applications in conducting geographic surveys. Scholars and professionals will discover the potential of this tool, and hopefully develop a conceptual and methodological framework for doing the following things: a) Translate their data acquisition needs into specifications. (b) Use the developed specifications to choose the best accessible configuration for their drones, and (c) Design and organize effective and low-cost field deployment and flight operations by integrating technical aspects with regulatory and research requirements. Readers can apply this knowledge to work in cartography, environmental monitoring and analysis, land-use studies and landscape archaeology. Particular attention is also given to the reasons why a drone can dramatically boost a geographer's capability to understand geographic phenomena both from hard-science and humanities approach.
|
| 650 |
|
0 |
|a Geographical information systems.
|
| 650 |
|
0 |
|a Environmental monitoring.
|
| 650 |
|
0 |
|a Regional planning.
|
| 650 |
|
0 |
|a Urban planning.
|
| 650 |
|
0 |
|a Physical measurements.
|
| 650 |
|
0 |
|a Measurement .
|
| 650 |
|
0 |
|a Artificial intelligence.
|
| 650 |
|
0 |
|a Robotics.
|
| 650 |
|
0 |
|a Automation.
|
| 650 |
1 |
4 |
|a Geographical Information Systems/Cartography.
|0 http://scigraph.springernature.com/things/product-market-codes/J13000
|
| 650 |
2 |
4 |
|a Monitoring/Environmental Analysis.
|0 http://scigraph.springernature.com/things/product-market-codes/U1400X
|
| 650 |
2 |
4 |
|a Landscape/Regional and Urban Planning.
|0 http://scigraph.springernature.com/things/product-market-codes/J15000
|
| 650 |
2 |
4 |
|a Measurement Science and Instrumentation.
|0 http://scigraph.springernature.com/things/product-market-codes/P31040
|
| 650 |
2 |
4 |
|a Artificial Intelligence.
|0 http://scigraph.springernature.com/things/product-market-codes/I21000
|
| 650 |
2 |
4 |
|a Robotics and Automation.
|0 http://scigraph.springernature.com/things/product-market-codes/T19020
|
| 700 |
1 |
|
|a Casagrande, Gianluca.
|e editor.
|4 edt
|4 http://id.loc.gov/vocabulary/relators/edt
|
| 700 |
1 |
|
|a Sik, András.
|e editor.
|4 edt
|4 http://id.loc.gov/vocabulary/relators/edt
|
| 700 |
1 |
|
|a Szabó, Gergely.
|e editor.
|4 edt
|4 http://id.loc.gov/vocabulary/relators/edt
|
| 710 |
2 |
|
|a SpringerLink (Online service)
|
| 773 |
0 |
|
|t Springer eBooks
|
| 776 |
0 |
8 |
|i Printed edition:
|z 9783319665764
|
| 776 |
0 |
8 |
|i Printed edition:
|z 9783319665788
|
| 776 |
0 |
8 |
|i Printed edition:
|z 9783319882772
|
| 856 |
4 |
0 |
|u https://doi.org/10.1007/978-3-319-66577-1
|z Full Text via HEAL-Link
|
| 912 |
|
|
|a ZDB-2-EES
|
| 950 |
|
|
|a Earth and Environmental Science (Springer-11646)
|